Barker's Beauties (Barker Era) Quiz Stats

Quiz not verified by Sporcle

Also try: Similar Logos
Challenge
Share
Tweet
Embed
Score 0/9 Timer 10:00
0 Plays Today
Year Models Name % Correct
1972-2000Janice Pennington
100%
1975-1993Dian Parkinson
100%
1977-1995Holly Hallstrom
100%
1990-2000Kathleen Bradley
100%
1996-1999Chantel Dubay
100%
1999-2002Nikki Ziering
100%
1981-1996Kyle Aletter
50%
2001-2002Heather Kozar
0%
2001-2003Claudia Jordan
0%

You're not logged in!

Compare scores with friends on all Sporcle quizzes.
Join for Free
OR
Log In

You Might Also Like...

Show Comments

Extras

Created Jul 1, 2017ReportNominate
Tags:barker, beauty, era, model, note

Top Quizzes Today


Score Distribution

Your Account Isn't Verified!

In order to create a playlist on Sporcle, you need to verify the email address you used during registration. Go to your Sporcle Settings to finish the process.

Report this User

Report this user for behavior that violates our Community Guidelines.

Details: